Statistics for Asian Capitals by Letter - D

Click here to take the quiz!

General Stats

  • This quiz has been taken 42 times
  • The average score is 4 of 5

Answer Stats

Answer% Correct
Damascus
89%
Dili
89%
Dhaka
87%
Dushanbe
84%
Doha
79%

Score Distribution

Percentile by Number Answered

Percent of People with Each Score

Your Score History

You have not taken this quiz